Estudio Socio ecológico y Ambiental de la Microregión/ (Registro nro. 9722)

Detalles MARC
000 -LEADER
fixed length control field 00854nam a2200193Ia 4500
005 - FECHA Y HORA DE LA ÚLTIMA TRANSACCIÓN
control field 20231012160104.0
008 - FIXED-LENGTH DATA ELEMENTS--GENERAL INFORMATION
fixed length control field 231011s9999 xx 000 0 und d
040 ## - CATALOGING SOURCE
Original cataloging agency UPAN
Transcribing agency Biblioteca San Vicente
Description conventions RCAA2
041 ## - LANGUAGE CODE
Language code of text/sound track or separate title spa
082 ## - DEWEY DECIMAL CLASSIFICATION NUMBER
Classification number 333.714
Item number V356E
año de publicación 2000
100 ## - MAIN ENTRY--PERSONAL NAME
Personal name Pérez, Alexandro Valmore
Relator code aut.
245 #0 - TITLE STATEMENT
Title Estudio Socio ecológico y Ambiental de la Microregión/
Statement of responsibility, etc Alexandro Valmore Pérez, Wilber Alejandro Jimenez
260 ## - PUBLICATION, DISTRIBUTION, ETC. (IMPRINT)
Place of publication, distribution, etc El Salvador:
Name of publisher, distributor, etc Funde,
Date of publication, distribution, etc 2000
300 ## - PHYSICAL DESCRIPTION
Extent 149 p.;
Dimensions 27 cm.
505 ## - FORMATTED CONTENTS NOTE
Formatted contents note I. La microrregiòn, II. Recursos naturales, III. Situación social, IV. Situaciòn econòmica, V. Desarrollo institucional y organizacional, VI. Participaciòn democràtica, VIII. Algunas conclusiones generales
650 ## - SUBJECT ADDED ENTRY--TOPICAL TERM
Source of heading or term LEMB
Form subdivision Investigación
General subdivision Socioeconomía
9 (RLIN) 3
700 ## - ADDED ENTRY--PERSONAL NAME
Personal name Jimènez, Wilber Alejandro
Relator code aut.
942 ## - ADDED ENTRY ELEMENTS (KOHA)
Koha item type Libros
Source of classification or shelving scheme Dewey Decimal Classification
Existencias
Withdrawn status Lost status Source of classification or shelving scheme Damaged status Not for loan Collection code Home library Current library Date acquired Total Checkouts Full call number Barcode Date last seen Copy number Price effective from Koha item type
    Dewey Decimal Classification     Referencia Biblioteca UPAN San Vicente Biblioteca UPAN San Vicente 12/10/2023   333.714 V356E 12003729 12/10/2023 01 12/10/2023 Libros